Principles of electricity : (Record no. 71873)
[ view plain ]
| 000 -LEADER | |
|---|---|
| fixed length control field | 01000nam a2200289 a 4500 |
| 001 - CONTROL NUMBER | |
| control field | 71873 |
| 003 - CONTROL NUMBER IDENTIFIER | |
| rucl marc code | BD-RjUL |
| 005 - DATE AND TIME OF LATEST TRANSACTION | |
| control field | 20211209082155.0 |
| 008 - FIXED-LENGTH DATA ELEMENTS--GENERAL INFORMATION | |
| fixed length control field | 170508s1969 njua 001 0 eng d |
| 035 ## - SYSTEM CONTROL NUMBER | |
| System control number | (BD-RjUL)72089 |
| 040 ## - CATALOGING SOURCE | |
| Original cataloging agency | DLC/ICU |
| Transcribing agency | ICU |
| Modifying agency | BD-RjUL |
| Language of cataloging | eng |
| 041 ## - LANGUAGE CODE | |
| Language code of text/sound track or separate title | eng |
| 082 04 - DEWEY DECIMAL CLASSIFICATION NUMBER | |
| Classification number | 537 |
| Edition number | 23 |
| Author mark and year | PAP 1969 |
| 100 1# - MAIN ENTRY--PERSONAL NAME | |
| Personal name | Page, Leigh, |
| Dates associated with a name | 1884- |
| 9 (RLIN) | 398 |
| 245 10 - TITLE STATEMENT | |
| Title | Principles of electricity : |
| Remainder of title | an intermediate text in electricity and magnetism / |
| Statement of responsibility, etc. | Leigh Page and Norman Ilsley Adams |
| 250 ## - EDITION STATEMENT | |
| Edition statement | 4th ed. |
| 260 ## - PUBLICATION, DISTRIBUTION, ETC. (IMPRINT) | |
| Place of publication, distribution, etc. | Princeton, N. J. : |
| Name of publisher, distributor, etc. | Van Nostrand. |
| Date of publication, distribution, etc. | c1969 |
| 300 ## - PHYSICAL DESCRIPTION | |
| Pagination | xi, 532 p. : |
| Illustrations | ill. ; |
| Size | 24 cm. |
| 490 0# - SERIES STATEMENT | |
| Series statement | University physics series |
| 526 ## - STUDY PROGRAM INFORMATION NOTE | |
| Requested Dept. | Pure Science |
| 650 #0 - SUBJECT ADDED ENTRY--TOPICAL TERM | |
| Topical term or geographic name as entry element | Electricity. |
| 9 (RLIN) | 400 |
| Topical term or geographic name as entry element | Electromagnetism. |
| 9 (RLIN) | 401 |
| 700 1# - ADDED ENTRY--PERSONAL NAME | |
| Personal name | Adams, Norman Ilsley, |
| Dates associated with a name | 1895-1985, |
| Relator term | joint author. |
| 830 ## - SERIES ADDED ENTRY--UNIFORM TITLE | |
| Uniform title | University physics series |
| 856 42 - ELECTRONIC LOCATION AND ACCESS | |
| Uniform Resource Identifier | <a href="http://www.worldcat.org/title/principles-of-electricity-an-intermediate-t">http://www.worldcat.org/title/principles-of-electricity-an-intermediate-t</a> |
| Link text | WorldCat Details |
| 942 ## - ADDED ENTRY ELEMENTS (KOHA) | |
| Source of classification or shelving scheme | Dewey Decimal Classification |
| Koha item type | Books |
| Lost status | Source of classification or shelving scheme | Damaged status | Not for loan | Collection code | Permanent Location | Current Location | Shelving location | Date acquired | Source of acquisition | Total Checkouts | Full call number | Date last seen | Copy number | Koha item type |
|---|---|---|---|---|---|---|---|---|---|---|---|---|---|---|
| Dewey Decimal Classification | Not For Loan | Non-fiction | Central Library, University of Rajshahi | Central Library, University of Rajshahi | Reading Room | 19/12/1973 | U.S. Govt. | 537 PAP 1969 | 08/05/2017 | C-1 | Books | |||
| Dewey Decimal Classification | Non-fiction | Central Library, University of Rajshahi | Central Library, University of Rajshahi | 19/12/1973 | U.S. Govt. | 537 PAP 1969 | 08/05/2017 | C-2 | Books | |||||
| Dewey Decimal Classification | Non-fiction | Central Library, University of Rajshahi | Central Library, University of Rajshahi | 19/12/1973 | U.S. Govt. | 537 PAP 1969 | 08/05/2017 | C-3 | Books | |||||
| Dewey Decimal Classification | Non-fiction | Central Library, University of Rajshahi | Central Library, University of Rajshahi | 19/12/1973 | U.S. Govt. | 537 PAP 1969 | 08/05/2017 | C-4 | Books | |||||
| Dewey Decimal Classification | Non-fiction | Central Library, University of Rajshahi | Central Library, University of Rajshahi | 19/12/1973 | U.S. Govt. | 537 PAP 1969 | 08/05/2017 | C-5 | Books | |||||
| Dewey Decimal Classification | Non-fiction | Central Library, University of Rajshahi | Central Library, University of Rajshahi | 19/12/1973 | U.S. Govt. | 537 PAP 1969 | 11/05/2017 | C-6 | Books | |||||
| Dewey Decimal Classification | Non-fiction | Central Library, University of Rajshahi | Central Library, University of Rajshahi | 19/12/1973 | U.S. Govt. | 537 PAP 1969 | 11/05/2017 | C-7 | Books | |||||
| Dewey Decimal Classification | Non-fiction | Central Library, University of Rajshahi | Central Library, University of Rajshahi | 19/12/1973 | U.S. Govt. | 537 PAP 1969 | 11/05/2017 | C-8 | Books | |||||
| Dewey Decimal Classification | Non-fiction | Central Library, University of Rajshahi | Central Library, University of Rajshahi | 19/12/1973 | U.S. Govt. | 537 PAP 1969 | 11/05/2017 | C-9 | Books | |||||
| Dewey Decimal Classification | Non-fiction | Central Library, University of Rajshahi | Central Library, University of Rajshahi | 19/12/1973 | U.S. Govt. | 537 PAP 1969 | 11/05/2017 | C-10 | Books |